000 00661nam a2200253Ia 4500
003 OSt
005 20220925213621.0
006 a|||||r|||| 00| 0
007 ta
008 220923b |||||||| |||| 00| 0 eng d
020 _a0 521 07419 3
037 _cGeneral Book
040 _aRTL
_cRTL
_beng
041 _2eng
_aeng
082 _aS:5, K9
100 _aVernon M D
_984592
245 0 _aHuman motivaiton
260 _aLondon
_bCambridge UniversityPress UK
_c1969
300 _aviii, 190p
_ccm.
500 _aBibliography: P 166-85
650 _aPsychology
942 _hS:5, K9
_cGB
_2CC
999 _c563332
_d563332